00484nam a2200157 a 450000500170000000800410001702000180005805000180007610000190009424500340011326000280014730000090017544000160018499900190020095201070021920140412111325.0110407s19uu xx 00 eng d a0-307-12939-x aERbBa23 1996 aPackard , Mary aBest friends /cMary Packard. aU.S.A :bGolden,c1996. aunp. aDear barbie c104599d104599 001040aELbELcERd2011-04-07eDonationl0oER Ba23 1996pE8331r2014-04-12 00:00:00w2014-04-12yBK